Library evaluation / (Record no. 26835)
[ view plain ]
| 000 -LEADER | |
|---|---|
| fixed length control field | 03108naa a2200421 4500 |
| 005 - DATE AND TIME OF LATEST TRANSACTION | |
| control field | 20090526161410.0 |
| 008 - FIXED-LENGTH DATA ELEMENTS--GENERAL INFORMATION | |
| fixed length control field | 090526t xxu||||| |||| 00| 0 eng d |
| 010 ## - LCCN (DPL NO) | |
| LC control number | ENG-93747 |
| 020 ## - INTERNATIONAL STANDARD BOOK NUMBER | |
| International Standard Book Number | 9788131305102 |
| Terms of availability | 695.00 |
| 035 ## - SYSTEM CONTROL NUMBER | |
| System control number | EN-77280 |
| 035 ## - SYSTEM CONTROL NUMBER | |
| System control number | B-359595-605 |
| 037 ## - SOURCE OF ACQUISITION | |
| Source of stock number/acquisition | DBAD / PUB |
| 037 ## - SOURCE OF ACQUISITION | |
| Source of stock number/acquisition | APH Pub. |
| 040 ## - CATALOGING SOURCE | |
| Original cataloging agency | dpl |
| Language of cataloging | English |
| 082 ## - DEWEY DECIMAL CLASSIFICATION NUMBER | |
| Classification number | 025 |
| 100 ## - MAIN ENTRY--PERSONAL NAME | |
| Personal name | Tiwari, Purushotham |
| 245 ## - TITLE STATEMENT | |
| Title | Library evaluation / |
| Statement of responsibility, etc | by Purushotham Tiwari |
| 260 ## - PUBLICATION, DISTRIBUTION, ETC. (IMPRINT) | |
| Place of publication, distribution, etc | New Delhi |
| Name of publisher, distributor, etc | APH Publishing Corporatioon |
| Date of publication, distribution, etc | 2009 |
| 270 ## - ADDRESS | |
| Address | 4435-36/7, Ansari Road, Darya Ganj |
| City | New Delhi |
| Postal code | 110 002 |
| Electronic mail address | aphbooks@vsnl.net |
| Telephone number | 011 23274050 |
| 300 ## - PHYSICAL DESCRIPTION | |
| Extent | v, 272p. |
| Other physical details | 23cm(Hb) |
| 500 ## - GENERAL NOTE | |
| General note | Includes bibliographical references and index |
| 650 ## - SUBJECT ADDED ENTRY--TOPICAL TERM | |
| Topical term or geographic name as entry element | Libraries |
| General subdivision | Evaluation |
| 710 ## - ADDED ENTRY--CORPORATE NAME | |
| Corporate name or jurisdiction name as entry element | . |
| 942 ## - ADDED ENTRY ELEMENTS (KOHA) | |
| Institution code [OBSOLETE] | dpl |
| Item type | English Books |
| Source of classification or shelving scheme | Dewey Decimal Classification |
| Call number suffix | TIW |
| Classification part | 025 |
| Withdrawn status | Lost status | Source of classification or shelving scheme | Damaged status | Not for loan | Collection code | Home library | Current library | Date acquired | Source of acquisition | Cost, normal purchase price | Total Checkouts | Full call number | Barcode | Date last seen | Copy number | Cost, replacement price | Koha item type | Total Renewals |
|---|---|---|---|---|---|---|---|---|---|---|---|---|---|---|---|---|---|---|
| Dewey Decimal Classification | Non-fiction | Andrews Gunj | Andrews Gunj | 21/01/2010 | APH/21311/21.10.09/109/16.10.09/21.10.09 | 695.00 | 025 TIW | B-359600 | 21/01/2010 | 1 | 695.00 | English Books | ||||||
| Dewey Decimal Classification | Non-fiction | Central Library | Central Library | 21/01/2010 | APH/21311/21.10.09/109/16.10.09/21.10.09 | 695.00 | 1 | 025 TIW | B-359595 | 27/12/2018 | 1 | 695.00 | English Books | |||||
| Dewey Decimal Classification | Not For Loan | Non-fiction | D.B.Act.Division | D.B.Act.Division | 26/05/2009 | DBAD / PUB | 695.00 | 025 TIW | EN-77280 | 26/05/2009 | 1 | 695.00 | English Books | |||||
| Dewey Decimal Classification | Non-fiction | Janak Puri | Janak Puri | 21/01/2010 | APH/21311/21.10.09/109/16.10.09/21.10.09 | 695.00 | 1 | 025 TIW | B-359597 | 23/10/2020 | 1 | 695.00 | English Books | 1 | ||||
| Dewey Decimal Classification | Non-fiction | Karol Bagh | Karol Bagh | 21/01/2010 | APH/21311/21.10.09/109/16.10.09/21.10.09 | 695.00 | 025 TIW | B-359603 | 21/01/2010 | 1 | 695.00 | English Books | ||||||
| Dewey Decimal Classification | Non-fiction | Patel Nagar | Patel Nagar | 21/01/2010 | APH/21311/21.10.09/109/16.10.09/21.10.09 | 695.00 | 025 TIW | B-359596 | 21/01/2010 | 1 | 695.00 | English Books | ||||||
| Dewey Decimal Classification | Non-fiction | R.K.Puram-8 | R.K.Puram-8 | 21/01/2010 | APH/21311/21.10.09/109/16.10.09/21.10.09 | 695.00 | 025 TIW | B-359599 | 21/01/2010 | 1 | 695.00 | English Books | ||||||
| Dewey Decimal Classification | Non-fiction | Sarojini Nagar | Sarojini Nagar | 21/01/2010 | APH/21311/21.10.09/109/16.10.09/21.10.09 | 695.00 | 025 TIW | B-359598 | 21/01/2010 | 1 | 695.00 | English Books | ||||||
| Dewey Decimal Classification | Non-fiction | Shahdara Branch | Shahdara Branch | 21/01/2010 | APH/21311/21.10.09/109/16.10.09/21.10.09 | 695.00 | 025 TIW | B-359604 | 21/01/2010 | 1 | 695.00 | English Books | ||||||
| Dewey Decimal Classification | Non-fiction | Sriniwas Puri | Sriniwas Puri | 21/01/2010 | APH/21311/21.10.09/109/16.10.09/21.10.09 | 695.00 | 025 TIW | B-359601 | 21/01/2010 | 1 | 695.00 | English Books | ||||||
| Dewey Decimal Classification | Non-fiction | Vinoba Puri | Vinoba Puri | 21/01/2010 | APH/21311/21.10.09/109/16.10.09/21.10.09 | 695.00 | 025 TIW | B-359602 | 21/01/2010 | 1 | 695.00 | English Books | ||||||
| Dewey Decimal Classification | Non-fiction | Yojana Vihar | Yojana Vihar | 21/01/2010 | APH/21311/21.10.09/109/16.10.09/21.10.09 | 695.00 | 025 TIW | B-359605 | 21/01/2010 | 1 | 695.00 | English Books |
